| 000 | 01294nam0a22002651 4500 | ||
|---|---|---|---|
| 001 | rc\2326772 | ||
| 005 | 20260408023023.0 | ||
| 035 | _a(NLR Aleph) 006472168 | ||
| 090 |
_a5946496 _c5946496 |
||
| 100 | _a20110829d1977 |||y0rusy50 ca | ||
| 101 | 0 | _arus | |
| 102 | _aRU | ||
| 105 | _ay z ||||| | ||
| 200 | 1 |
_aМатериалы конференции "Опыт эксплуатации и ремонта, анализ качества и надежности самолетов АН-24 с наработкой более 17000 летных часов". [10-11 марта 1977 г. Киев] _fМ-во гражд. авиации СССР. Всесоюз. гос. пром. объединение "Авиаремонт" |
|
| 210 |
_aКиев _cБ. и. _d1977 |
||
| 215 |
_a205 с. _d20 |
||
| 333 | _aДСП. Экз. № 6 | ||
| 710 | 1 | 2 |
_a"Опыт эксплуатации и ремонта, анализ качества и надежности самолетов АН-24 с наработкой более 17000 летных часов", конференция _eКиев _f1977 _9863706 _3RU\NLR\AUTH\8810183473 |
| 801 | 0 |
_aRU _bNLR _gpsbo |
|
| 801 | 1 |
_aRU _bELAR _2rusmarc |
|
| 852 |
_aNLR _j77-50к/3637 |
||
| 852 |
_aNLR _j77-50К/3637 |
||
| 899 |
_aRuMoRGB _jСХ |
||
| 942 | _cBOOK | ||
| 980 | _aNB | ||